Top 5 European Leagues Top Scorers: 2004/05 - Statistics

General Stats
  • This quiz has been taken 7 times
  • The average score is 13 of 33
Answer Stats
League Goals Club Nationality Player % Correct
La Liga 25 Villarreal Uruguay Diego Forlan
100%
La Liga 21 Real Madrid Brazil Ronaldo
100%
La Liga 25 Barcelona Cameroon Samuel Eto'o
100%
Bundesliga 20 Bayer Leverkusen Bulgaria Dimitar Berbatov
86%
Premier League 13 Tottenham England Jermain Defoe
86%
Bundesliga 22 Bayern Munich Netherlands Roy Makaay
86%
Premier League 25 Arsenal France Thierry Henry
86%
Premier League 13 Chelsea England Frank Lampard
71%
Ligue 1 14 PSG Portugal Pauleta
71%
Premier League 14 Arsenal France Robert Pires
71%
Bundesliga 15 Borussia Dortmund Czechia Jan Koller
57%
Bundesliga 15 Werder Bremen Germany Miroslav Klose
57%
Premier League 13 Middlesbrough Netherlands Jimmy Floyd Hasselbaink
43%
Ligue 1 13 Lyon Brazil Juninho
43%
Serie A 20 Palermo Italy Luca Toni
43%
Bundesliga 15 Bayer Leverkusen Ukraine Andriy Voronin
29%
Bundesliga 18 Hertha Berlin Brazil Marcelinho
29%
Bundesliga 24 Nurnberg Slovakia Marek Mintal
29%
Serie A 19 Lecce Serbia and Montenegro Mirko Vucinic
29%
Serie A 23 Parma Italy Alberto Gilardino
14%
La Liga 18 Sevilla Brazil Julio Baptista
14%
Serie A 21 Roma Italy Vincenzo Montella
14%
Premier League 13 Portsmouth Nigeria Yakubu
14%
Ligue 1 20 Rennes Switzerland Alexander Frej
0%
Premier League 21 Crystal Palace England Andy Johnson
0%
Serie A 24 Livorno Italy Cristiano Lucarelli
0%
Bundesliga 15 Arminia Bielefeld South Africa Delron Buckley
0%
Ligue 1 13 Sochaux Brazil Ilan
0%
Ligue 1 13 Lille France Matt Moussilou
0%
Ligue 1 15 Strasbourg France Mickael Pagis
0%
Ligue 1 13 Saint-Etienne Guinea Pascal Feindouno
0%
La Liga 22 Real Betis Brazil Ricardo Oliviera
0%
Ligue 1 13 Caen France Sebastian Mazure
0%
No matching quizzes found
Score Distribution
Percent of People with Each Score
Percentile by Number Answered
Your Score History
You have not taken this quiz